Countries with the Sun on Their Flag - Statistics

General Stats
  • This quiz has been taken 1,084 times
    1,079 since last reset
  • The average score is 8 of 20
Answer Stats
country % Correct
Argentina
83%
Uruguay
75%
Japan
69%
Bangladesh
54%
Palau
48%
Kiribati
47%
Antigua and Barbuda
43%
North Macedonia
43%
Kazakhstan
42%
Malawi
42%
Kyrgyzstan
36%
Taiwan
34%
Laos
31%
Nepal
31%
Philippines
31%
Rwanda
30%
Namibia
28%
Mongolia
25%
Niger
25%
Greenland
10%
No matching quizzes found
Score Distribution
Percent of People with Each Score
Percentile by Number Answered
Your Score History
You have not taken this quiz since the last reset